Goosebumps Title Match Quiz Stats

 Plays Quiz Updated Mar 18, 2020

Support Sporcle.
Go Orange.
Score 0/30 Timer 08:00
1 Play Today
% Correct
Say Cheese
80.3%
The Blob That
79.8%
Why I'm Afraid
76.9%
The Girl
76.3%
Go Eat
75.6%
Stay Out of
72.3%
You Can't
70.6%
Calling All
69.2%
The Headless
68.2%
A Shocker on
68.1%
Piano Lessons
67.2%
Revenge of
65.8%
I Live in
64.8%
The Abominable Snowman
63.2%
Let's Get
62.4%
% Correct
Welcome to
62.4%
The Curse of
62%
Phantom of
60.7%
The Scarecrow
59.7%
Egg Monsters
58.5%
Attack of
56.7%
Deep
55.9%
A Night in
54.7%
One Day at
54.2%
The Horror at
52.3%
The Haunted
52.2%
The Werewolf of
48.1%
Monster
44.6%
Vampire
44.1%
Werewolf
31.5%

From the Vault

Psych Theme Song

by Epstein_2012

Is Psych the best detective show ever created? Let's just ask our friend Chocolate Columbo.
Remove Ads.
Support Sporcle.
Get the best of Sporcle when you Go Orange. This ad-free experience offers more features, more stats, and more fun while also helping to support Sporcle. Thank you for becoming a member.

Show Comments

Extras

Top Quizzes Today


Score Distribution

Your Account Isn't Verified!

In order to create a playlist on Sporcle, you need to verify the email address you used during registration. Go to your Sporcle Settings to finish the process.

Report this User

Report this user for behavior that violates our Community Guidelines.

Details: